000
00303nam a2200109Ia 4500
008
190216s9999||||xx |||||||||||||| ||und||
100
_a
Mohan Murali J
245
0
_a
Engineering Colleges Entrance Examinations
260
_b
"Murali`S Educational Publishers, Madras"
_c
1991
300
_a
450p
942
_c
REF
999
_c
36145
_d
36145